000 00803nam a2200265Ia 4500
003 OSt
005 20220930081144.0
006 a|||||r|||| 00| 0
007 ta
008 220926b |||||||| |||| 00| 0 hin d
024 _a102520
037 _cTheses
040 _aCRL
_cCRL
_bhin
041 _2hin
_ahin
100 _aSuman Kumari
110 _aUniversity of Delhi. Faculty of Arts. Department of Hindi
245 0 _aIstri vimarsh mein shakti ki avdharna aur Manjul Bhagat ka katha sahitya
260 _c2009
300 _a303
_ap.
_ccm.
650 _aHINDI LITERATURE
_923866
700 _a Dr. Veena Aggarwal Gu.
_9540700
700 _aUniversity of Delhi. Faculty of Arts. Department of Hindi
942 _cDIS
_2CC
999 _c871012
_d871012